Catalog

Record Details

Catalog Search



Available copies

  • 3 of 3 copies available at LARL/NWRL Consortium. (Show)
  • 2 of 2 copies available at Lake Agassiz Regional Library.

Current holds

0 current holds with 3 total copies.

Show Only Available Copies
Location Call Number / Copy Notes Barcode Shelving Location Status Due Date
Crookston Public Library Y LEV (Text) 33500013394507 Main Available -
Moorhead Public Library Y LEV (Text) 33500013394499 Main Available -

Record details

  • ISBN: 9781250756800
  • ISBN: 1250756804
  • Physical Description: 324 pages : illustration ; 24 cm.
  • Edition: First edition.
  • Publisher: New York : Feiwel and Friends, 2021.

Content descriptions

Summary, etc.:
"In the first book in Tricia Levenseller's ... Read More
Target Audience Note:
Ages 13-18. Feiwel and Friends.
Grades 10-12. Feiwel and Friends.
Subject: Magic > Juvenile fiction.
Blacksmiths > Juvenile fiction.
Weapons > Juvenile fiction.
Social phobia > Juvenile fiction.
Orphans > Juvenile fiction.
Magic > Fiction.
Blacksmiths > Fiction.
Weapons > Fiction.
Social phobia > Fiction.
Orphans > Fiction.
Fantasy.
Genre: Young adult fiction.
Fantasy.
LDR 01746cam a2200481Ii 4500
001362841
003LARL_NWRL_CONSORTIUM
00520210506210547.0
008210423s2021 nyua d 000 1 eng
010 . ‡a 2020020186
040 . ‡aDLC ‡beng ‡erda ‡cFMG ‡dFMG ‡dIFA ‡dOCLCO ‡dTXG ‡dJAS
020 . ‡a9781250756800 ‡q(hardcover)
020 . ‡a1250756804 ‡q(hardcover)
035 . ‡a(OCoLC)1142019914 ‡z(OCoLC)1247377198
08200. ‡a[Fic] ‡223
1001 . ‡aLevenseller, Tricia, ‡eauthor.
24510. ‡aBlade of secrets / ‡cTricia Levenseller.
250 . ‡aFirst edition.
264 1. ‡aNew York : ‡bFeiwel and Friends, ‡c2021.
300 . ‡a324 pages : ‡billustration ; ‡c24 cm.
336 . ‡atext ‡btxt ‡2rdacontent
337 . ‡aunmediated ‡bn ‡2rdamedia
338 . ‡avolume ‡bnc ‡2rdacarrier
4900 . ‡aBladesmith ; ‡v1
521 . ‡aAges 13-18. ‡bFeiwel and Friends.
521 . ‡aGrades 10-12. ‡bFeiwel and Friends.
520 . ‡a"In the first book in Tricia Levenseller's exciting new YA fantasy duology, a teenage blacksmith with social anxiety is forced to go on the run to protect the world from the most powerful magical sword she's ever made"-- ‡cProvided by publisher.
650 0. ‡aMagic ‡vJuvenile fiction. ‡0(LARL_NWRL_CONSORTIUM)165990
650 0. ‡aBlacksmiths ‡vJuvenile fiction.
650 0. ‡aWeapons ‡vJuvenile fiction.
650 0. ‡aSocial phobia ‡vJuvenile fiction.
650 0. ‡aOrphans ‡vJuvenile fiction. ‡0(LARL_NWRL_CONSORTIUM)166522
650 1. ‡aMagic ‡vFiction. ‡0(LARL_NWRL_CONSORTIUM)165984
650 1. ‡aBlacksmiths ‡vFiction.
650 1. ‡aWeapons ‡vFiction.
650 1. ‡aSocial phobia ‡vFiction.
650 1. ‡aOrphans ‡vFiction. ‡0(LARL_NWRL_CONSORTIUM)166482
650 1. ‡aFantasy. ‡0(LARL_NWRL_CONSORTIUM)19981
655 0. ‡aYoung adult fiction.
655 7. ‡aFantasy. ‡2lcgft
901 . ‡a362841 ‡bOCoLC ‡c362841 ‡tbiblio ‡soclc

Additional Resources